[Event "RUS-ch U18"]
[Site "Dagomys"]
[Date "2004.04.??"]
[Round "5"]
[White "Konovalov, Valerij"]
[Black "Vavilov, Alexey"]
[Result "1-0"]
[WhiteElo "2364"]
[BlackElo "2211"]
[PlyCount "70"]
[EventDate "2004.04.??"]
[EventType "swiss"]
[EventRounds "10"]
[EventCountry "RUS"]
[SourceTitle "EXT 2005"]
[Source "ChessBase"]
[SourceDate "2004.11.15"]
[SourceVersion "1"]
[SourceVersionDate "2004.11.15"]
[SourceQuality "1"]

1. d4 d5 2. c4 c6 3. Nc3 e6 4. e3 Nf6 5. Nf3 Bd6 6. Bd3 Nbd7 7. 0-0 0-0 8. e4 dxe4 9. Nxe4 Nxe4 10. Bxe4 Nf6 11. Bc2 h6 12. Qe2 b6 13. a3 Bb7 14. h3 Qe7 15. Re1 Rfd8 16. Bd2 Rac8 17. Bc3 Ba6 18. Bd3 Bb8 19. b4 Bb7 20. Ne5 Qe8 21. Rad1 c5 22. dxc5 bxc5 23. b5 Rd6 24. Ng4 Nxg4 25. Qxg4 Qf8 26. Be2 Rcd8 27. Rxd6 Rxd6 28. Bf3 Bxf3 29. Qxf3 Qd8 30. Qg4 Qf8 31. Re3 f5 32. Qe2 Kf7 33. g3 Qe7 34. a4 Qd7 35. Qf3 Qd8 1-0

[Event "RUS-ch U18"]
[Site "Dagomys"]
[Date "2004.04.??"]
[Round "4"]
[White "Vavilov, Alexey"]
[Black "Rjabzev, Konstantin"]
[Result "1/2-1/2"]
[WhiteElo "2211"]
[BlackElo "2338"]
[PlyCount "55"]
[EventDate "2004.04.??"]
[EventType "swiss"]
[EventRounds "10"]
[EventCountry "RUS"]
[SourceTitle "EXT 2005"]
[Source "ChessBase"]
[SourceDate "2004.11.15"]
[SourceVersion "1"]
[SourceVersionDate "2004.11.15"]
[SourceQuality "1"]

1. e4 e5 2. Nf3 Nc6 3. Bc4 Bc5 4. c3 Nf6 5. d3 d6 6. 0-0 Bg4 7. Be3 0-0 8. Nbd2 a6 9. a4 Bxe3 10. fxe3 d5 11. exd5 Nxd5 12. Qe2 h6 13. Ne4 Kh8 14. h3 Bh5 15. Ng3 Bg6 16. Bxd5 Qxd5 17. e4 Qc5+ 18. Kh2 Qe7 19. Nf5 Bxf5 20. exf5 Rad8 21. Rad1 Qd6 22. Qe4 Kg8 23. Kh1 Qd5 24. Qh4 f6 25. Nh2 Ne7 26. Ng4 Qd7 27. Ne3 Nd5 28. Nxd5 1/2-1/2